Integrated strategies for safety and environment

Enregistré dans:
Détails bibliographiques
Format: Livre
Langue:anglais
Publié: Paris OECD 1997
Collection:Road transport research
Sujets:
Tags: Ajouter un tag
Pas de tags, Soyez le premier à ajouter un tag!

MARC

LEADER 00000nam a2200000 4500
001 c120062
005 20221124074708.5
020 |a 92-64-15664-X 
041 0 |a eng 
044 |a FR 
245 1 0 |a Integrated strategies for safety and environment 
264 1 |a Paris  |b OECD  |c 1997 
300 |a 96 s. 
490 1 |a Road transport research 
830 0 |a Road transport research 
610 2 0 |a doprava 
610 2 0 |a doprava cestná 
610 2 0 |a OECD 
610 2 0 |a bezpečnosť dopravy 
610 2 0 |a prostredie životné